Inversión municipal y financiación del planeamiento / [autor: Javier Russinés Torregrosa ; colaborador: Manuel Vázquez Moldes] Javier Russinés Torregrosa ; colaborador:
ISBN:
84-7433-366-0
Publicado:
[Madrid] :
Ministerio de Obras Públicas y Urbanismo, Dirección General de Acción Territorial y Urbanismo, DL 1985
Descripción Física:
201 p. ; 30 cm
MARC
| LEADER | 00000nam a2200000Ia 4500 | ||
|---|---|---|---|
| 001 | 14295 | ||
| 008 | 160829s9999 xx 000 0 cat d | ||
| 020 | |a 84-7433-366-0 | ||
| 080 | |a B-2-12 | ||
| 100 | |a Russinés Torregrosa, Javier |9 25599 | ||
| 245 | |a Inversión municipal y financiación del planeamiento / [autor: |b Javier Russinés Torregrosa ; colaborador: |b Manuel Vázquez Moldes] | ||
| 260 | |a [Madrid] : |b Ministerio de Obras Públicas y Urbanismo, Dirección General de Acción Territorial y Urbanismo, DL 1985 | ||
| 300 | |a 201 p. ; |c 30 cm | ||
| 650 | |a Urbanisme |x Finançament |x Espanya |9 25600 | ||
| 650 | |a Inversions públiques |x Finançament |x Espanya |9 25601 | ||
| 700 | |a Espanya. Dirección General de Acción Territorial y Urbanismo |9 25603 | ||
| 700 | |a Vázquez Moldes, Manuel |9 25602 | ||
| 901 | |a Arxiu | ||
| 942 | |n 1 | ||
| 952 | |0 0 |1 0 |4 0 |6 B212 |7 1 |9 43696 |a Arxiu |b Arxiu |d 2016-12-01 |l 0 |o B-2-12 |p 14295 |r 2016-12-01 00:00:00 |w 2016-12-01 |y ARXIU | ||
| 999 | |c 46244 |d 46244 | ||